| 000 | 00663nam a22002057a 4500 | ||
|---|---|---|---|
| 999 |
_c18815 _d18815 |
||
| 003 | AR-CdUCM | ||
| 008 | 190515b ||||| |||| 00| 0 spa d | ||
| 040 |
_aMUNICIPALIDAD PROVINCIAL DEL CUSCO _cBIBLIOTECA MUNICIPAL DEL CUSCO |
||
| 082 |
_a985.009 / _bV18 |
||
| 100 |
_aValcarcel, Carlos Daniel _96185 |
||
| 245 | _aTúpac Amaru / | ||
| 260 |
_aLima : _bMoncloa-Campodonico, _c1970. |
||
| 300 |
_a329 paginas ; _c20 cm. |
||
| 505 | _aContenido: Mundo historico -- Iniciacion -- La rebelion -- Repercusiones sudamericanas... | ||
| 650 |
_aHistorico _928020 |
||
| 650 |
_aInka _9630 |
||
| 650 |
_aPerú _935 |
||
| 942 |
_2ddc _cLIBROS |
||
| 945 |
_apjha _d2019-05-15 |
||